<?xml version="1.0" encoding="UTF-8"?>
<record
    xmlns:xsi="http://www.w3.org/2001/XMLSchema-instance"
    xsi:schemaLocation="http://www.loc.gov/MARC21/slim http://www.loc.gov/standards/marcxml/schema/MARC21slim.xsd"
    xmlns="http://www.loc.gov/MARC21/slim">

  <leader>02495nam a22003857a 4500</leader>
  <controlfield tag="008">150907b        xxu||||| |||| 00| 0 eng d</controlfield>
  <datafield tag="020" ind1=" " ind2=" ">
    <subfield code="a">9789585785731</subfield>
  </datafield>
  <datafield tag="082" ind1=" " ind2=" ">
    <subfield code="2">708</subfield>
    <subfield code="a">A696b</subfield>
  </datafield>
  <datafield tag="100" ind1=" " ind2=" ">
    <subfield code="a">Colin, Jonathan [Director]</subfield>
    <subfield code="9">3547</subfield>
  </datafield>
  <datafield tag="245" ind1=" " ind2=" ">
    <subfield code="a">Better than = Mejor que</subfield>
    <subfield code="c">Jonathan Colin</subfield>
  </datafield>
  <datafield tag="260" ind1=" " ind2=" ">
    <subfield code="a">Colombia : </subfield>
    <subfield code="b">Ministerio de Cultura</subfield>
    <subfield code="c">2015</subfield>
  </datafield>
  <datafield tag="300" ind1=" " ind2=" ">
    <subfield code="a">266 p. </subfield>
    <subfield code="b">ill. (col.)</subfield>
    <subfield code="c">22 cm.</subfield>
  </datafield>
  <datafield tag="505" ind1=" " ind2=" ">
    <subfield code="r">Jonathan Colin</subfield>
    <subfield code="r">Juan Fernando Herr&#xE1;n</subfield>
    <subfield code="t">Prefacio / Introducci&#xF3;n = Preface / Introduction // Jonathan Colin</subfield>
    <subfield code="t">Los dilemas del consumismo = The impases of consumerism // Slavoj &#x17D;i&#x17E;ek</subfield>
    <subfield code="t">Nada para botar = Nothing to throw away // Juan Fernando Herr&#xE1;n</subfield>
    <subfield code="t">Casas en el desierto = Houses in the desert // Victor Gama</subfield>
    <subfield code="t">Suena a monte, suena a selva = Sounds of forests, sounds of jungles // Urian Sarmiento</subfield>
    <subfield code="t">Ocor&#xF3;-Catrera = Reina de Enin // Elkin Calder&#xF3;n</subfield>
    <subfield code="t">Bello puerto de mar = Beautiful port by the sea // Miguel &#xC1;ngel Rojas</subfield>
    <subfield code="t">El agua es... = Water is... // Mar&#xED;a Fernanda Cardoso</subfield>
    <subfield code="t">El agua corre, las palabras curan = Water flows, words heal // Abel Rodr&#xED;guez, Catalina Vargas </subfield>
    <subfield code="t">En el para&#xED;so tambi&#xE9;n hay amenaza minera = There is also mining in Paradise // Julio Fierro</subfield>
    <subfield code="t">Cantos de viaje = Chants of a journey // Fernando Arias, Jonathan Colin</subfield>
    <subfield code="t">Crecer o decrecer, he aqu&#xED; la cuesti&#xF3;n... = Growth de-growth, that is the question... // Oscar Rold&#xE1;n</subfield>
    <subfield code="t">&#xBF;Qu&#xE9; hacer con el olvido? = How can you deal with neglect? // Klidier Josu&#xE9; Gonz&#xE1;lez</subfield>
    <subfield code="t">La posibilidad de un paisaje = The possibility of a landscape // Osneyder Valoy</subfield>
    <subfield code="t">Lo que el mar arroj&#xF3; = Washed up on the beach // Charlotte Streck</subfield>
    <subfield code="t">Minando la miner&#xED;a = (Under) Mining the mining sector // Lucas Ospina</subfield>
  </datafield>
  <datafield tag="546" ind1=" " ind2=" ">
    <subfield code="a">Textos en espa&#xF1;ol e ingl&#xE9;s</subfield>
  </datafield>
  <datafield tag="650" ind1=" " ind2=" ">
    <subfield code="a">Arte Moderno</subfield>
    <subfield code="9">145</subfield>
  </datafield>
  <datafield tag="650" ind1=" " ind2=" ">
    <subfield code="a">Programa Nuevatopias</subfield>
    <subfield code="9">3548</subfield>
  </datafield>
  <datafield tag="650" ind1=" " ind2=" ">
    <subfield code="a">Arte</subfield>
    <subfield code="y">2013-2014</subfield>
    <subfield code="z">Colombia</subfield>
    <subfield code="9">3549</subfield>
  </datafield>
  <datafield tag="650" ind1=" " ind2=" ">
    <subfield code="a">Arte</subfield>
    <subfield code="v">Consumo</subfield>
    <subfield code="x">Cr&#xED;tica</subfield>
    <subfield code="9">3550</subfield>
  </datafield>
  <datafield tag="700" ind1=" " ind2=" ">
    <subfield code="a">&#x17D;i&#x17E;ek, Slavoj</subfield>
    <subfield code="9">3552</subfield>
  </datafield>
  <datafield tag="700" ind1=" " ind2=" ">
    <subfield code="a">Herr&#xE1;n, Juan Fernando</subfield>
    <subfield code="9">3553</subfield>
  </datafield>
  <datafield tag="700" ind1=" " ind2=" ">
    <subfield code="a">Gama, Victor</subfield>
    <subfield code="9">3554</subfield>
  </datafield>
  <datafield tag="700" ind1=" " ind2=" ">
    <subfield code="a">Sarmiento, Urian</subfield>
    <subfield code="9">3555</subfield>
  </datafield>
  <datafield tag="700" ind1=" " ind2=" ">
    <subfield code="a">Calder&#xF3;n, Elkin</subfield>
    <subfield code="9">3556</subfield>
  </datafield>
  <datafield tag="700" ind1=" " ind2=" ">
    <subfield code="a">Rojas, Miguel &#xC1;ngel</subfield>
    <subfield code="9">3557</subfield>
  </datafield>
  <datafield tag="700" ind1=" " ind2=" ">
    <subfield code="a">Cardoso, Mar&#xED;a Fernanda</subfield>
    <subfield code="9">3079</subfield>
  </datafield>
  <datafield tag="700" ind1=" " ind2=" ">
    <subfield code="a">Rodr&#xED;guez, Abel</subfield>
    <subfield code="9">3558</subfield>
  </datafield>
  <datafield tag="700" ind1=" " ind2=" ">
    <subfield code="a">Vargas, Catalina</subfield>
    <subfield code="9">3559</subfield>
  </datafield>
  <datafield tag="700" ind1=" " ind2=" ">
    <subfield code="a">Fierro, Julio</subfield>
    <subfield code="9">3560</subfield>
  </datafield>
  <datafield tag="700" ind1=" " ind2=" ">
    <subfield code="a">Arias, Fernando</subfield>
    <subfield code="9">3561</subfield>
  </datafield>
  <datafield tag="700" ind1=" " ind2=" ">
    <subfield code="a">Rold&#xE1;n, Oscar</subfield>
    <subfield code="9">3562</subfield>
  </datafield>
  <datafield tag="700" ind1=" " ind2=" ">
    <subfield code="a">Gonz&#xE1;lez, Klidier Josu&#xE9;</subfield>
    <subfield code="9">3563</subfield>
  </datafield>
  <datafield tag="700" ind1=" " ind2=" ">
    <subfield code="a">Valoy, Osneyder</subfield>
    <subfield code="9">3564</subfield>
  </datafield>
  <datafield tag="700" ind1=" " ind2=" ">
    <subfield code="a">Streck, Charlotte</subfield>
    <subfield code="9">3565</subfield>
  </datafield>
  <datafield tag="700" ind1=" " ind2=" ">
    <subfield code="a">Ospina, Lucas</subfield>
    <subfield code="9">3566</subfield>
  </datafield>
  <datafield tag="999" ind1=" " ind2=" ">
    <subfield code="c">739</subfield>
    <subfield code="d">739</subfield>
  </datafield>
  <datafield tag="952" ind1=" " ind2=" ">
    <subfield code="0">0</subfield>
    <subfield code="1">0</subfield>
    <subfield code="2">ddc</subfield>
    <subfield code="4">0</subfield>
    <subfield code="7">0</subfield>
    <subfield code="a">LV</subfield>
    <subfield code="b">LV</subfield>
    <subfield code="c">Colectivas</subfield>
    <subfield code="d">2015-09-07</subfield>
    <subfield code="l">0</subfield>
    <subfield code="o">708 A696b</subfield>
    <subfield code="p">004063</subfield>
    <subfield code="r">2015-09-07 00:00:00</subfield>
    <subfield code="w">2015-09-07</subfield>
    <subfield code="y">01</subfield>
  </datafield>
</record>
